| 000 | 00450nam a2200181 a 4500 | ||
|---|---|---|---|
| 001 | 925 | ||
| 003 | CO-ViMGA | ||
| 008 | 141112s2004 ck r 000 u spa d | ||
| 040 |
_aCO-ViMGA _bspa _cCO-ViMGA |
||
| 082 | 0 | 4 | _a303.38 S188 |
| 100 | 1 |
_aSauvy, Alfred _948902 |
|
| 245 | 1 | 0 | _aLa opinión pública |
| 260 |
_aBarcelona : _bOikos - tau, _c1970 |
||
| 300 | _a127 p | ||
| 490 | _aQue se?, 15 | ||
| 650 | 1 | 4 |
_aOPINION PUBLICA _948903 |
| 942 |
_2ddc _cBK |
||
| 999 |
_c13152 _d13152 |
||